Logos de marques de voitures (Difficile) - Statistiques

Statistiques générales
  • Ce quiz a été pris 232 fois
  • Le résultat moyen est 8 sur 16
Statistiques - réponses
Par images Réponse % Correct
Cadillac
92%
Cupra
88%
Mclaren
86%
Lotus
79%
Ram
66%
Shelby
63%
Acura
54%
Lincoln
54%
Buick
42%
Daewoo
34%
Saleen
26%
Vauxhall
26%
Datsun
23%
Mercury
15%
Ultima
15%
Zenvo
15%
Aucun quiz correspondant
Distribution des résultats
% des personnes avec chaque résultat
Percentile par nombre de réponses
Votre historique - résultats
Vous n’avez pas pris ce quiz